| 000 | 01594agaaa2200301 4500 | ||
|---|---|---|---|
| 001 | 6266 | ||
| 003 | IT-RoPAU | ||
| 005 | 20220918181239.0 | ||
| 007 | d cvaizq | ||
| 008 | 50131s9999||||xx ||| | || ||und|| | ||
| 040 |
_aIT-RoPAU _cIT-RoPAU |
||
| 041 | _aITALIANO | ||
| 100 |
_aMelazzo De Vincolis Mirella _gCodice regista SPICS: 11031 _944390 |
||
| 130 |
_aCORSO DI INFORMATICA _944391 |
||
| 245 |
_aCORSO DI INFORMATICA _cDiretto da: Melazzo De Vincolis Mirella _pCORSO DI INFORMATICA (Rif. Codice opera principale : 26266) |
||
| 250 | _aEdizione Standard | ||
| 260 |
_aROMA (ITALIA) _bRAI - RADIO TELEVISIONE ITALIANA / Distribuzione: RAI _g"1984 (1° ed.: 1984 ; Ed. Lingua Orig.: 1984)" |
||
| 300 |
_aVHS _bsonoro, col. |
||
| 508 | _a"Montaggio: Lopez Emilio; Musica: Mattei Ivana; " | ||
| 520 | _a* INPUT E OUTPUT* BIT* CODICI BINARI* MEMORIA CENTRALE* ELABORATORE IN FUNZIONE* SCHEDA PERFORATA* TERMINALI VIDEO: STAMPANTI* REGISTRAZIONE MAGNETICA DIGITALE : UNITA' A NASTRO* UNITA' A DISCO* DATA ENTRY ED ALTRI TIPI DI PERIFERICHE* PROGRAMMI E LINGUAGGI DI PROGRAMMAZIONE* LA GESTIONE DELLA MEMORIA CENTRALE* TRASMISSIONE DEI DATICORSO DI INFORMATICA | ||
| 538 | _aPAL, STEREO | ||
| 546 | _aITALIANO | ||
| 650 |
_aDIDATTICO _eTV-PROG. DIDATTICO/CULTURALI-DOCUMENTARI [VHS] _xCodice MATERIA SPICS: 9962 _944392 |
||
| 700 |
_aMattei Ivana _e(musica) _gCodice Musica SPICS: 33082 _944393 |
||
| 700 |
_aMelazzo De Vincolis Mirella _e(regista) _gCodice regista SPICS: 11031 _944394 |
||
| 700 |
_aPeraldo Giovanni _e(soggetto) _gCodice Soggetto SPICS: 10952 _944395 |
||
| 942 |
_cVH _2ddc |
||
| 999 |
_c105970 _d105970 |
||